000 nam a22 7a 4500
999 _c8970
_d8970
008 180122b ||||| |||| 00| 0 eng d
100 _aNCERT
_95270
245 _aMathematic
260 _aNew Delhi
_bNCERT
_c2006